000 00413nam a22001097a 4500
008 110628t xxu||||| |||| 00| 0 eng d
010 _aHCCSF-92
245 _aHigh Court Civil Suit No.41 of 1994 Ramaklal Jivarhal Patel Vs Rakadhan Namakola.
260 _c1994
500 _aBefore: The Hon. Mr. Justice Augustus Katia
999 _c4203
_d4203